000 00731pam a2200241 a 4500
001 13056
003 BD-RjUL
005 20211208235410.0
008 170521s2008 enka b 001 0 eng d
020 _a9788173196386
035 _a(BD-RjUL)13106
040 _aStDuBDS
_dUkOxU
_dBD-RjUL
_beng
_cBD-RjUL
041 _aeng
082 0 4 _a572.8
_222
_bSUM
100 1 _aSubramoniam, T.
_940675
245 1 0 _aMolecular developmental biology /
_cT. Subramoniam.
260 _aOxford :
_bAlpha Science International,
_c2008.
300 _axiii, 279 p. :
_bill. ;
_c25 cm.
504 _aIncludes bibliographical references and index.
650 0 _aDevelopmental biology.
_935146
650 0 _aMolecular biology.
_940676
942 _2ddc
_cBK
999 _c13056
_d13056